[Event "ch-URU 2017"]
[Site "masterchessopen.com Montevideo URU"]
[Date "2017.03.28"]
[Round "4.3"]
[White "Saralegui,M"]
[Black "Carbone,D"]
[Result "1-0"]
[WhiteElo "2111"]
[BlackElo "2149"]

1.d4 Nf6 2.c4 e6 3.Nc3 Bb4 4.e3 c5 5.Ne2 cxd4 6.exd4 O-O 7.a3 Be7 8.Nf4 d6
9.Be2 e5 10.Nfd5 Nxd5 11.Nxd5 Nc6 12.Be3 Bg5 13.O-O Bxe3 14.fxe3 Qg5 15.Rf3 f5
16.Nc7 Rb8 17.d5 Qe7 18.Nb5 e4 19.Rf2 Ne5 20.Nxa7 Bd7 21.a4 Ra8 22.Qd4 g5
23.Nb5 Ng6 24.Nc3 g4 25.b4 Rac8 26.a5 Qg5 27.c5 g3 28.hxg3 Qxg3 29.Raf1 Ne5
30.a6 bxa6 31.c6 Bxc6 32.dxc6 Rxc6 33.Nxe4 Qg6 34.Nc3 Rfc8 35.Nd5 Qe6 36.Nb6
Re8 37.Rxf5 Rc2 38.Bh5 Rb8 39.Qd5 Qxd5 40.Nxd5 Rd2 41.e4 a5 42.bxa5 Ra2
43.Rg5+ Kh8 44.Rc1 h6 45.Rg3 Rxa5 46.Rc7 Rf8 47.Rgg7 Ra1+ 48.Kh2 Ng4+ 49.Bxg4
{#r} 1-0

[Event "ch-URU 2017"]
[Site "masterchessopen.com Montevideo URU"]
[Date "2017.03.28"]
[Round "4.4"]
[White "Kimelman,Gabriel"]
[Black "Coppola,C"]
[Result "1-0"]
[WhiteElo "2181"]
[BlackElo "2267"]

1.c4 e5 2.g3 Nf6 3.Bg2 Bc5 4.Nc3 O-O 5.e3 Re8 6.Nge2 d6 7.d4 Bb6 8.h3 c6 9.O-O
Bf5 10.b4 exd4 11.Nxd4 Bg6 12.Bb2 Ne4 13.Nxe4 Bxe4 14.Qg4 Bxd4 15.Bxd4 Bg6
16.Rfd1 Nd7 17.Bxg7 Kxg7 18.Rxd6 Qb6 19.Rxd7 Qxb4 20.Qd4+ Kg8 21.a3 Qb3 22.h4
Bf5 23.Rd6 Re6 24.Rd8+ Rxd8 25.Qxd8+ Kg7 26.Qg5+ Bg6 27.h5 h6 28.Qg4 Qc3
29.Rd1 f5 30.Rd7+ Kh8 31.Qf4 Be8 32.Rxb7 Qe5 33.Qxe5+ Rxe5 34.Rxa7 c5 35.Bf3
Kg8 36.Bd5+ Kf8 37.a4 {#r} 1-0

[Event "ch-URU 2017"]
[Site "masterchessopen.com Montevideo URU"]
[Date "2017.03.28"]
[Round "4.5"]
[White "Larrea,M"]
[Black "Oddone,C"]
[Result "0-1"]
[WhiteElo "2274"]
[BlackElo "2239"]

1.e4 g6 2.d4 Bg7 3.c4 Nc6 4.Nf3 e5 5.d5 Nd4 6.Nxd4 exd4 7.Bd3 d6 8.O-O Nf6
9.Bg5 h6 10.Bh4 g5 11.Bg3 O-O 12.Nd2 Ng4 13.Nf3 Qf6 14.c5 Ne5 15.Bxe5 dxe5
16.Nd2 g4 17.g3 h5 18.f4 gxf3 19.Qxf3 Qg6 20.Kh1 Bh3 21.Rf2 Bh6 22.Nc4 f6
23.b4 Kg7 24.d6 b5 25.Na5 cxd6 26.cxd6 Rac8 27.Rc2 Rxc2 28.Bxc2 Rc8 29.Bd3 Qg5
30.Nb3 Bg4 31.Qf1 Qe3 32.h3 Bf3+ 33.Kh2 h4 34.Qe1 Qxd3 35.Nc5 Qc2+ {#R} 0-1

[Event "Shanghai Gulf Cup 2017"]
[Site "masterchessopen.com Shanghai CHN"]
[Date "2017.03.29"]
[Round "4.2"]
[White "Xu,Minghui"]
[Black "Liu,Yan"]
[Result "0-1"]
[WhiteElo "2283"]
[BlackElo "2414"]

1.d4 Nf6 2.c4 e6 3.Nf3 Bb4+ 4.Nc3 Bxc3+ 5.bxc3 d6 6.Qc2 Qe7 7.e4 e5 8.Bd3 c5
9.O-O O-O 10.d5 Nh5 11.g3 Bg4 12.Be2 g6 13.Nh4 Bxe2 14.Qxe2 Nf4 15.Qf3 Nd7
16.Bxf4 exf4 17.Qxf4 Ne5 18.Qe3 Nxc4 19.Qe2 b5 20.a4 a6 21.Rfb1 f5 22.Re1 Rae8
23.axb5 axb5 24.Ng2 Qxe4 25.Qxe4 Rxe4 26.Nf4 Rxe1+ 27.Rxe1 b4 28.cxb4 cxb4
29.Rc1 Ne5 30.Rb1 Rb8 31.Ne6 b3 32.Kf1 b2 33.Ke2 Nc4 {#R} 0-1

[Event "11th ch-SRB 2017"]
[Site "masterchessopen.com Kragujevac SRB"]
[Date "2017.03.29"]
[Round "7.1"]
[White "Milanovic,Da"]
[Black "Damljanovic,B"]
[Result "0-1"]
[WhiteElo "2502"]
[BlackElo "2548"]

1.d4 g6 2.c4 Bg7 3.e4 d6 4.Nc3 Nf6 5.f3 O-O 6.Bg5 c5 7.d5 e6 8.Qd2 exd5 9.cxd5
a6 10.a4 h6 11.Be3 Nh7 12.Nge2 Nd7 13.Nf4 Ne5 14.Be2 Bd7 15.O-O Rb8 16.Rfb1
Nf6 17.Qc1 g5 18.Nd3 Ng6 19.Qd2 Nh5 20.b4 c4 21.Nf2 Nhf4 22.Bf1 Qf6 23.Ra3 b5
24.a5 Ne5 25.Rd1 Rbe8 26.Bd4 Qg6 27.Ne2 Nxe2+ 28.Bxe2 f5 29.exf5 Bxf5 30.Re3
h5 31.Re1 g4 32.f4 Nd7 33.Bxg7 Qxg7 34.Nd1 Nf6 35.Nc3 Qa7 36.Bf1 Ne4 37.Nxe4
Rxe4 38.Qf2 Rxe3 39.Rxe3 Qd4 40.h3 c3 41.hxg4 hxg4 {#R} 0-1

[Event "11th ch-SRB 2017"]
[Site "masterchessopen.com Kragujevac SRB"]
[Date "2017.03.29"]
[Round "7.2"]
[White "Radovanovic,Mihajlo"]
[Black "Markus,Rob"]
[Result "0-1"]
[WhiteElo "2357"]
[BlackElo "2671"]

1.d4 Nf6 2.c4 d6 3.Nf3 Nbd7 4.Nc3 c6 5.e4 e5 6.Be2 Be7 7.O-O O-O 8.Rb1 Re8
9.d5 Qc7 10.Be3 Nf8 11.Ne1 Ng6 12.Nd3 Bd7 13.Qd2 Ng4 14.Bxg4 Bxg4 15.b4 cxd5
16.Nxd5 Qd7 17.b5 Bd8 18.c5 Rc8 19.b6 axb6 20.cxb6 f5 21.f3 fxe4 22.fxe4 h6
23.Nf2 Be6 24.Nd1 Nf4 25.Bxf4 exf4 26.N1c3 g5 27.Nb5 Rc5 28.Qd3 Rxd5 29.exd5
Bxb6+ 30.Nd4 Bf5 31.Qd2 Bxb1 32.Rxb1 Qc7 33.Qd3 Bxd4+ 34.Qxd4 Qc2 35.Qb6 Re7
36.h3 Kf7 37.Rb3 Qc1+ 38.Kh2 Re1 {#R} 0-1

[Event "11th ch-SRB 2017"]
[Site "masterchessopen.com Kragujevac SRB"]
[Date "2017.03.29"]
[Round "7.3"]
[White "Todorovic,GM"]
[Black "Pap,M"]
[Result "0-1"]
[WhiteElo "2457"]
[BlackElo "2493"]

1.e4 e5 2.Nf3 Nc6 3.Nc3 Nf6 4.g3 d5 5.exd5 Nxd5 6.Bg2 Bc5 7.O-O O-O 8.d4 Nxc3
9.bxc3 exd4 10.cxd4 Nxd4 11.Bb2 Nc6 12.Qe2 Qe7 13.Qd3 Be6 14.Rfe1 Rad8 15.Qc3
Nd4 16.a3 Nxf3+ 17.Qxf3 c6 18.Re4 Rfe8 19.Rae1 Qd7 20.Qe2 Qd2 21.Qf3 Qxc2
22.Ba1 Rd2 23.Rg4 Rxf2 24.Rxg7+ Kf8 {#R} 0-1

[Event "28th NATO Chess 2017"]
[Site "masterchessopen.com Budapest HUN"]
[Date "2017.03.29"]
[Round "4.3"]
[White "Rosenkilde,A"]
[Black "Dusak,Aljaz"]
[Result "1-0"]
[WhiteElo "2246"]
[BlackElo "1984"]

1.d4 Nf6 2.c4 g6 3.Nc3 Bg7 4.e4 d6 5.Be2 O-O 6.Nf3 e5 7.O-O Nc6 8.d5 Ne7 9.b4
a5 10.Ba3 b6 11.bxa5 Rxa5 12.Bb4 Ra8 13.a4 Bg4 14.a5 Qb8 15.Rb1 Bxf3 16.Bxf3
Nd7 17.Qd2 f5 18.Rfc1 Qd8 19.axb6 Nxb6 20.c5 dxc5 21.Bxc5 Nc4 22.Qd3 Nd6
23.Nb5 fxe4 24.Bxe4 Ra4 25.f3 Nef5 26.Bf2 Rf7 27.Qc2 Rc4 28.Qd3 Rxc1+ 29.Rxc1
Nxb5 30.Qxb5 Nd4 31.Qc4 Qd6 32.Ra1 Bf6 33.Ra6 Qd7 34.d6 Kg7 35.Bd5 cxd6
36.Bxf7 Qxf7 37.Qxf7+ Kxf7 38.Bxd4 exd4 39.Rxd6 Bg5 40.Kf2 Be3+ 41.Ke2 Kg7
42.Rd7+ Kh6 43.h4 Bg1 {#r} 1-0

[Event "28th NATO Chess 2017"]
[Site "masterchessopen.com Budapest HUN"]
[Date "2017.03.29"]
[Round "4.13"]
[White "Sypien,M"]
[Black "Papista,A"]
[Result "1-0"]
[WhiteElo "2228"]
[BlackElo "2096"]

1.e4 e5 2.Nf3 Nc6 3.Bc4 Bc5 4.d3 a6 5.c3 Nf6 6.O-O d6 7.Bb3 Ba7 8.h3 O-O 9.Bg5
Be6 10.Nbd2 Qe7 11.Nc4 h6 12.Bd2 Rad8 13.a4 Nd7 14.Ne3 Bxe3 15.fxe3 Bxb3
16.Qxb3 Nc5 17.Qc2 d5 18.exd5 Rxd5 19.d4 e4 20.Ne1 Nd7 21.Qb3 Nb6 22.c4 Rg5
23.a5 Nd7 24.Qxb7 Rg6 25.Qxc7 Nxd4 26.exd4 e3 27.Bc3 {#r} 1-0

[Event "28th NATO Chess 2017"]
[Site "masterchessopen.com Budapest HUN"]
[Date "2017.03.29"]
[Round "4.15"]
[White "Sycz,D"]
[Black "Oblak,Nicholas"]
[Result "1-0"]
[WhiteElo "2176"]
[BlackElo "2043"]

1.d4 Nf6 2.g3 d5 3.Bg2 Bf5 4.Nf3 e6 5.O-O Bd6 6.c4 c6 7.Nc3 h6 8.Nd2 e5 9.cxd5
exd4 10.dxc6 bxc6 11.Nb5 cxb5 12.Bxa8 Qd7 13.Bg2 Bc5 14.a4 d3 15.Nb3 Be7
16.exd3 O-O 17.d4 Nc6 18.axb5 Nb4 19.Nc5 Qxb5 20.Rxa7 Bc2 21.Qd2 Bxc5 22.dxc5
Ne4 23.Qd7 Qc4 24.Be3 Nd5 25.b3 Qxb3 26.Bxe4 Bxe4 27.Re1 Nxe3 28.Qd4 Nc2
29.Qxe4 Nxe1 30.Qxe1 Qd5 31.Qe3 Rc8 32.Ra5 Qd1+ 33.Kg2 Rb8 34.Qf3 Qd2 35.Ra8
Rxa8 36.Qxa8+ Kh7 37.Qe4+ g6 38.c6 Qc3 39.Qd5 {#r} 1-0

[Event "28th NATO Chess 2017"]
[Site "masterchessopen.com Budapest HUN"]
[Date "2017.03.29"]
[Round "4.17"]
[White "Engelen,J"]
[Black "Pavlidou,E"]
[Result "0-1"]
[WhiteElo "1965"]
[BlackElo "2166"]

1.f4 d5 2.Nf3 g6 3.e3 Bg7 4.Be2 Nf6 5.O-O O-O 6.d3 c5 7.Nc3 d4 8.Ne4 Nd5
9.Nxc5 dxe3 10.d4 Nxf4 11.Bxe3 Nxe2+ 12.Qxe2 b6 13.Nd3 Nc6 14.Nfe5 Nxd4 15.Qf2
Nf5 16.Rad1 Nxe3 17.Qxe3 Qd5 {#R} 0-1

[Event "28th NATO Chess 2017"]
[Site "masterchessopen.com Budapest HUN"]
[Date "2017.03.29"]
[Round "4.18"]
[White "Koopmeiners,K"]
[Black "Randall,Gordon J"]
[Result "0-1"]
[WhiteElo "2004"]
[BlackElo "1970"]

1.d4 Nf6 2.c4 c5 3.d5 e6 4.Nc3 exd5 5.cxd5 d6 6.h3 a6 7.a4 Qe7 8.Bg5 Nbd7
9.Nf3 h6 10.Bh4 g5 11.Bg3 Bg7 12.e3 O-O 13.Bd3 Nh5 14.Bh2 Nf4 15.Bxf4 gxf4
16.e4 f5 17.Nd2 Ne5 18.Qc2 Bd7 19.O-O-O b5 20.Rde1 c4 21.Bf1 b4 22.Ncb1 Rac8
23.Nf3 Nd3+ 24.Kd2 Nxe1 25.Nxe1 fxe4 {#R} 0-1

[Event "28th NATO Chess 2017"]
[Site "masterchessopen.com Budapest HUN"]
[Date "2017.03.29"]
[Round "4.19"]
[White "Meiers,Gundars"]
[Black "Marquardt,C"]
[Result "0-1"]
[WhiteElo "1825"]
[BlackElo "2116"]

1.c4 e5 2.g3 Nf6 3.Bg2 d5 4.cxd5 Nxd5 5.Nc3 Nb6 6.Nf3 Nc6 7.d3 Be7 8.O-O O-O
9.Be3 Re8 10.d4 Nc4 11.b3 Nxe3 12.fxe3 exd4 13.Nxd4 Ne5 14.Nd5 c6 15.Nxe7+
Qxe7 16.h3 Qg5 17.Kh2 Qxe3 18.Nf3 Be6 19.Nxe5 Qxe5 20.e4 Rad8 21.Qc2 Rd4
22.Rad1 Red8 23.Rxd4 Qxd4 24.Rf2 c5 25.Qb2 b6 26.Qxd4 Rxd4 27.Rc2 Kf8 28.g4
Ke7 29.Kg3 g5 30.Kf2 Kd6 31.Ke3 Ke5 32.Rf2 a5 33.Rc2 a4 34.bxa4 Rxa4 35.Rb2
Ra3+ 36.Kf2 Rxa2 {#R} 0-1

[Event "28th NATO Chess 2017"]
[Site "masterchessopen.com Budapest HUN"]
[Date "2017.03.29"]
[Round "4.21"]
[White "Onley,David E"]
[Black "Hernandez,Albert Ryan"]
[Result "1-0"]
[WhiteElo "2137"]
[BlackElo "1934"]

1.e4 e6 2.d4 d5 3.Nd2 Nf6 4.e5 Nfd7 5.f4 c5 6.c3 Nc6 7.Ndf3 Qb6 8.g3 cxd4
9.cxd4 Bb4+ 10.Kf2 f6 11.Kg2 O-O 12.Bd3 Na5 13.h4 f5 14.Ng5 Rd8 15.Qh5 Nf8
16.a3 Nb3 17.Rb1 Qxd4 18.Bb5 Qc5 19.Be8 Rd7 20.Qd1 Re7 21.Qxb3 Bxa3 22.Bf7+
Rxf7 23.Nxf7 Bb4 24.Nd6 Bd7 25.Nf3 Bc6 26.Be3 d4 27.Rbc1 Qb6 28.Bf2 Bd5 29.Qd3
Bxd6 30.exd6 Qxd6 31.Rhd1 Rd8 32.Bxd4 Ng6 33.Qe3 b6 34.Kh3 Qb4 35.Rc7 Bxf3
36.Qxe6+ {#r} 1-0

[Event "28th NATO Chess 2017"]
[Site "masterchessopen.com Budapest HUN"]
[Date "2017.03.29"]
[Round "4.23"]
[White "Nikomanis,A"]
[Black "Maes,P"]
[Result "1-0"]
[WhiteElo "2061"]
[BlackElo "1906"]

1.e4 g6 2.d4 Bg7 3.Nc3 d6 4.f4 a6 5.Nf3 b5 6.Bd3 Nd7 7.e5 c5 8.Ng5 Nh6 9.Qf3
Rb8 10.e6 Nf6 11.dxc5 O-O 12.cxd6 Qxd6 13.exf7+ Nxf7 14.Nxf7 Rxf7 15.O-O Bb7
16.Qh3 b4 17.Ne2 Nd5 18.f5 Qc5+ 19.Kh1 Rbf8 20.Ng3 Bc8 21.Ne4 Qc6 22.Ng5 Bd4
23.Nxf7 Rxf7 24.Bh6 Bxb2 25.Rab1 Bc3 26.fxg6 hxg6 27.Qg3 Rxf1+ 28.Rxf1 Kh7
29.Rf7+ Kg8 30.Rf8+ Kh7 31.Rxc8 {#r} 1-0

[Event "28th NATO Chess 2017"]
[Site "masterchessopen.com Budapest HUN"]
[Date "2017.03.29"]
[Round "4.24"]
[White "Sherpa,Ngadi"]
[Black "Oltean,G"]
[Result "0-1"]
[WhiteElo "1863"]
[BlackElo "2054"]

1.e4 c6 2.Nc3 d5 3.exd5 cxd5 4.d4 Nc6 5.Nf3 Bg4 6.Be2 Nf6 7.Be3 e6 8.a3 Rc8
9.Bg5 Bd6 10.O-O O-O 11.h3 Bh5 12.Nh4 Bxe2 13.Nxe2 h6 14.Bxf6 Qxf6 15.Nf3 Na5
16.Qd3 Nc4 17.Rab1 Rc6 18.Nd2 b5 19.c3 Re8 20.Nxc4 bxc4 21.Qd2 Rb6 22.Qc2 Reb8
23.b4 cxb3 24.Qb2 Qe7 25.Ra1 Ra6 26.a4 Qd7 27.Nc1 Rxa4 28.Nxb3 Rxa1 29.Rxa1
Qb5 30.Rb1 Qd3 31.Rc1 Qc4 32.Rb1 a5 33.Qc2 a4 34.Nd2 Rxb1+ 35.Nxb1 a3 36.Nd2
Qe2 37.g3 Be7 38.Qc1 Bg5 39.f4 Qe3+ 40.Kg2 Be7 41.Nb3 Qe2+ 42.Kg1 g5 43.Qd2
Qxd2 44.Nxd2 a2 45.Nb3 Ba3 {#R} 0-1

[Event "ch-ROU 2017"]
[Site "masterchessopen.com Calimanesti-Caciulata ROU"]
[Date "2017.03.29"]
[Round "5.4"]
[White "Deac,Bogdan-Daniel"]
[Black "Badea,B"]
[Result "1-0"]
[WhiteElo "2584"]
[BlackElo "2456"]

1.d4 d6 2.e4 Nf6 3.f3 e5 4.Ne2 Be7 5.c4 O-O 6.Be3 c6 7.Qd2 a6 8.d5 b5 9.Nec3
b4 10.Nd1 a5 11.a3 Na6 12.axb4 axb4 13.Nf2 Qc7 14.Be2 Bd7 15.O-O Qb7 16.Rc1
Nc5 17.Rxa8 Rxa8 18.Bxc5 dxc5 19.Nd3 Bd6 20.Qe3 Ra1 21.Nd2 Rxc1+ 22.Nxc1 Be8
23.Nd3 Qa6 24.Kf2 Qa2 25.Bd1 Qa1 26.Ke2 cxd5 27.exd5 Nd7 28.Qg5 Qa8 29.Ne4 Bf8
30.g4 h6 31.Qe3 Qa6 32.Bb3 Qa1 33.Qc1 Qa6 34.Qc2 h5 35.h3 hxg4 36.hxg4 Qh6
37.Ba4 Qh2+ 38.Ndf2 Be7 39.Qd1 Kf8 40.Bxd7 Bxd7 41.d6 Bd8 42.Qd5 Be6 43.Qxc5
g6 44.Qxb4 Kg7 45.g5 Bf5 46.Qb8 {#r} 1-0

[Event "ch-ROU 2017"]
[Site "masterchessopen.com Calimanesti-Caciulata ROU"]
[Date "2017.03.29"]
[Round "5.5"]
[White "Posedaru,B"]
[Black "Istratescu,A"]
[Result "0-1"]
[WhiteElo "2338"]
[BlackElo "2579"]

1.d4 Nf6 2.c4 e6 3.Nc3 Bb4 4.Qc2 O-O 5.e4 d6 6.a3 Bxc3+ 7.bxc3 e5 8.Bd3 Nc6
9.Ne2 b6 10.O-O Ba6 11.f4 Nd7 12.Rf3 Na5 13.Ng3 Bxc4 14.fxe5 Bxd3 15.Rxd3 dxe5
16.Nf5 Kh8 17.Qd1 Nc4 18.Qg4 g6 19.Rh3 Nf6 20.Qh4 Nh5 21.Ne7 f6 22.Nf5 exd4
23.cxd4 Qd7 24.d5 Rae8 25.Bh6 Rf7 26.Rf1 c6 27.Qg4 cxd5 28.exd5 Nd6 29.Nxd6
Qxg4 30.Nxf7+ Kg8 31.Nd6 Re2 {#R} 0-1

[Event "ch-ROU 2017"]
[Site "masterchessopen.com Calimanesti-Caciulata ROU"]
[Date "2017.03.29"]
[Round "5.6"]
[White "Georgescu,T"]
[Black "Bida,M"]
[Result "1-0"]
[WhiteElo "2465"]
[BlackElo "2449"]

1.Nf3 c5 2.c4 Nc6 3.Nc3 e5 4.e3 Nf6 5.d4 e4 6.d5 exf3 7.dxc6 bxc6 8.Qxf3 d5
9.cxd5 cxd5 10.Bb5+ Bd7 11.Bxd7+ Qxd7 12.O-O Qe6 13.Rd1 Rd8 14.b3 Bd6 15.Bb2
Be5 16.Na4 Bxb2 17.Nxb2 O-O 18.Nd3 c4 19.Nf4 Qe5 20.Rd4 Rd7 21.Rad1 cxb3
22.axb3 Rb7 23.R1d3 Rd8 24.Nxd5 Nxd5 25.Rxd5 Rxd5 26.Rxd5 Qf6 27.Qd1 g6 28.g3
h5 29.Rd8+ Kh7 30.Rd7 Rxd7 31.Qxd7 Qf3 32.b4 Kg8 33.h4 Qe4 34.Qd8+ Kh7 35.Qc7
Qxb4 36.Qxf7+ Kh8 37.Qxa7 Qb1+ 38.Kg2 Qe4+ 39.Kh2 Qf3 40.Qb8+ Kh7 41.Qc7+ Kh8
42.Qf4 Qd1 {#r} 1-0

[Event "ch-ROU 2017"]
[Site "masterchessopen.com Calimanesti-Caciulata ROU"]
[Date "2017.03.29"]
[Round "5.10"]
[White "Ardelean,Ge"]
[Black "Raducanu,A"]
[Result "1-0"]
[WhiteElo "2493"]
[BlackElo "2132"]

1.e4 e5 2.Nf3 Nc6 3.Bc4 Bc5 4.d3 Nf6 5.Bb3 O-O 6.h3 d5 7.exd5 Nxd5 8.O-O Kh8
9.Nxe5 Nxe5 10.d4 Qh4 11.dxc5 Nf4 12.Bxf4 Qxf4 13.Qd2 Qf5 14.Qd5 c6 15.Qd6 Be6
16.Re1 Ng6 17.Qg3 Bxb3 18.Qxb3 Qxc5 19.Nd2 f5 20.Nf3 Rad8 21.c3 Nf4 22.Rad1
Nd3 23.Re2 Nf4 24.Re5 Rxd1+ 25.Qxd1 Qb6 26.Qd6 Ng6 27.Nh4 Rd8 28.Nxg6+ hxg6
29.Qxg6 Qxb2 30.Rxf5 Qc1+ 31.Kh2 {#r} 1-0

[Event "ch-ROU 2017"]
[Site "masterchessopen.com Calimanesti-Caciulata ROU"]
[Date "2017.03.29"]
[Round "5.11"]
[White "Vrencian,Lehel"]
[Black "Berescu,A"]
[Result "0-1"]
[WhiteElo "2296"]
[BlackElo "2472"]

1.d4 Nf6 2.Nf3 e6 3.c4 Bb4+ 4.Bd2 a5 5.Nc3 b6 6.e3 Bb7 7.Bd3 d6 8.Qc2 Nbd7
9.a3 Bxc3 10.Bxc3 Qe7 11.O-O a4 12.e4 e5 13.c5 bxc5 14.dxe5 dxe5 15.Rfe1 Bc6
16.Nh4 g6 17.Bd2 Nh5 18.g3 O-O 19.Bc4 Ng7 20.Qd1 Rfb8 21.Rb1 Nf8 22.Bh6 Rb6
23.Qf3 Nfe6 24.Qg4 Bd7 25.Nf5 Nxf5 26.exf5 Nd4 27.Qf4 Bxf5 28.Rbd1 Re8 29.Qe3
Rxb2 30.Kh1 Qf6 31.Bd5 Bg4 32.Rxd4 cxd4 33.Qxd4 Bf3+ 34.Kg1 Rb1 {#R} 0-1

[Event "ch-ROU 2017"]
[Site "masterchessopen.com Calimanesti-Caciulata ROU"]
[Date "2017.03.29"]
[Round "5.14"]
[White "Banzea,Alexandru-Bogdan"]
[Black "Bonte,An"]
[Result "1-0"]
[WhiteElo "2232"]
[BlackElo "2325"]

1.e4 e5 2.Nf3 Nc6 3.Bc4 Bc5 4.c3 Nf6 5.d3 d6 6.O-O O-O 7.a4 a6 8.Bg5 Ba7
9.Nbd2 Ne7 10.Bxf6 gxf6 11.Nh4 c6 12.Kh1 d5 13.Bb3 Kh8 14.f4 exf4 15.Rxf4 Ng6
16.Nxg6+ hxg6 17.Qf3 Kg7 18.Rf1 dxe4 19.Nxe4 f5 20.g4 Qb6 21.gxf5 Qxb3 22.f6+
Kg8 23.Rh4 Qb6 24.d4 {#r} 1-0

[Event "ch-ROU 2017"]
[Site "masterchessopen.com Calimanesti-Caciulata ROU"]
[Date "2017.03.29"]
[Round "5.16"]
[White "Patrascu,Catalin-Lucian"]
[Black "Olinici,Emanuel"]
[Result "0-1"]
[WhiteElo "2275"]
[BlackElo "2069"]

1.c4 e6 2.Nf3 d5 3.g3 Nf6 4.Bg2 Be7 5.O-O O-O 6.b3 c5 7.Bb2 Nc6 8.cxd5 exd5
9.d4 c4 10.Ne5 cxb3 11.Qxb3 Be6 12.Rd1 Na5 13.Qa4 b5 14.Qc2 Rc8 15.Qd2 Ng4
16.Bc3 Nc4 17.Nxc4 Rxc4 18.e4 b4 19.Bb2 Qc7 20.exd5 Rc2 21.Rc1 Rxd2 22.Rxc7
Rxb2 23.Rxe7 Bf5 24.d6 Rxb1+ 25.Rxb1 Bxb1 26.Rxa7 Nf6 27.Bc6 Rd8 28.d7 Kf8
29.Bb5 Ke7 30.Rb7 Bxa2 31.Ba4 b3 32.Bxb3 Bxb3 33.Rxb3 Rxd7 34.Rb4 Nd5 35.Rb3
Nc7 36.Re3+ Ne6 37.f4 Kf6 38.Kg2 Rxd4 39.Kf3 Rb4 40.Re1 Nd4+ 41.Kg4 g6 42.Re4
Nc6 43.Re8 Rb2 44.h3 Nd4 45.h4 Rh2 {#R} 0-1

[Event "ch-ROU 2017"]
[Site "masterchessopen.com Calimanesti-Caciulata ROU"]
[Date "2017.03.29"]
[Round "5.21"]
[White "Ursan,Petru-Sebastian"]
[Black "Coca,Cristi-Iulian"]
[Result "1-0"]
[WhiteElo "2155"]
[BlackElo "1929"]

1.g3 Nf6 2.d4 e6 3.Bg2 c5 4.Nf3 Nc6 5.O-O Be7 6.c4 d5 7.cxd5 exd5 8.dxc5 Bxc5
9.a3 O-O 10.b4 Bb6 11.Bb2 Be6 12.Nbd2 Ne4 13.Nb3 Rc8 14.Qd3 Re8 15.Rad1 Bf5
16.Nbd4 Bg6 17.Qb3 Nxd4 18.Nxd4 Rc4 19.e3 Qc8 20.Rfe1 Bh5 21.f3 Ng5 22.g4 Bg6
23.h4 Ne6 24.Nf5 Bxf5 25.gxf5 Nc7 26.Qd3 Rxh4 27.Bd4 Bxd4 28.exd4 Rxe1+
29.Rxe1 Qd7 30.Qc3 h6 31.Qc5 b6 32.Re7 bxc5 33.Rxd7 cxb4 34.Rxc7 bxa3 35.Rxa7
Rxd4 36.Rxa3 Rf4 37.Bf1 Kf8 38.Bh3 Ke7 39.Kf2 Rh4 40.Bf1 Rh5 41.Bd3 Rh2+
42.Ke3 h5 43.Kf4 Rg2 44.Ke5 f6+ 45.Kxd5 Kf7 46.Ra8 h4 47.Rh8 Rh2 48.Be4 h3
49.Kd6 Rd2+ 50.Bd5+ {#r} 1-0

[Event "ch-ROU 2017"]
[Site "masterchessopen.com Calimanesti-Caciulata ROU"]
[Date "2017.03.29"]
[Round "5.22"]
[White "Ognean,Mihnea-Ionut"]
[Black "Juravle,Mihnea-Marian"]
[Result "1-0"]
[WhiteElo "2128"]
[BlackElo "1868"]

1.e4 c5 2.Nf3 d6 3.d4 cxd4 4.Nxd4 Nf6 5.Nc3 a6 6.Be3 Ng4 7.Bg5 h6 8.Bh4 g5
9.Bg3 Bg7 10.h3 Ne5 11.f3 Nbc6 12.Bf2 Bd7 13.Qd2 Rc8 14.Nd5 b5 15.Nxb5 Qa5
16.Qxa5 Nxa5 17.Nd4 Nec4 18.O-O-O e6 19.Ne3 Ke7 20.Nxc4 Nxc4 21.b3 Na3 22.c4
Nb5 23.Kb2 Nxd4 24.Bxd4 Bxd4+ 25.Rxd4 h5 26.Be2 e5 27.Rd2 g4 28.h4 g3 29.Rhd1
Rh6 30.b4 a5 31.b5 f5 32.Kb3 fxe4 33.fxe4 Bg4 34.Bxg4 hxg4 35.Rd3 Rxh4 36.Rxd6
Rh2 37.Rd7+ Kf6 38.R1d2 Rf8 39.b6 Kg5 40.b7 Rh1 41.Kc2 Rb8 42.c5 Rh6 43.Kd3
Rc6 44.Kc4 {#r} 1-0

[Event "ch-ROU 2017"]
[Site "masterchessopen.com Calimanesti-Caciulata ROU"]
[Date "2017.03.29"]
[Round "5.23"]
[White "Stancu,Robert-Alexandru"]
[Black "Isfan,Ioan-Marius"]
[Result "1-0"]
[WhiteElo "2088"]
[BlackElo "1955"]

1.d4 Nf6 2.Nf3 c5 3.d5 b5 4.a4 Qa5+ 5.c3 d6 6.e4 Nxe4 7.Bxb5+ Bd7 8.Bc4 g6
9.O-O Bg7 10.Re1 Bf5 11.g4 Nxc3 12.Nxc3 Bxc3 13.bxc3 Qxc3 14.Bb5+ Bd7 15.Bh6
Bxb5 16.axb5 Qb4 17.Ra4 Qxb5 18.Rae4 e5 19.dxe6 f5 20.Qxd6 fxe4 21.Bg5 Qb7
22.Qd8# 1-0

[Event "ch-ROU 2017"]
[Site "masterchessopen.com Calimanesti-Caciulata ROU"]
[Date "2017.03.29"]
[Round "5.25"]
[White "Albu,George"]
[Black "Ghimpu,Samuel-Timotei"]
[Result "0-1"]
[WhiteElo "1950"]
[BlackElo "2007"]

1.d4 Nf6 2.c4 e6 3.Nc3 Bb4 4.e3 b6 5.Bd3 Bb7 6.Nf3 O-O 7.O-O Bxc3 8.bxc3 d6
9.Nd2 c5 10.e4 Nc6 11.Nb3 cxd4 12.cxd4 Nb4 13.Re1 Nxd3 14.Qxd3 Qc7 15.Ba3 Rfd8
16.Rac1 Rac8 17.Qb1 Qc6 18.Nd2 Qd7 19.f3 h5 20.h4 Qe7 21.Nf1 Ne8 22.g4 Ba6
23.Qb3 Qc7 24.Nd2 d5 25.e5 dxc4 26.Qc3 Qd7 27.Re4 Nc7 28.Qe3 Bb7 29.Qg5 Nb5
30.Be7 Nxd4 31.Bf6 Nf5 32.Re2 Qd4+ 33.Kh2 Qd3 34.Rce1 Rd4 35.a4 hxg4 36.Ne4
Qxf3 37.Bxg7 Bxe4 38.Bf6+ Kf8 39.Rxe4 Rxe4 40.Rxe4 Qf2+ 41.Kh1 Ng3# 0-1

[Event "ch-ROU 2017"]
[Site "masterchessopen.com Calimanesti-Caciulata ROU"]
[Date "2017.03.29"]
[Round "5.28"]
[White "Scripcaru,George-Daniel"]
[Black "Dan,Cr"]
[Result "1-0"]
[WhiteElo "2313"]
[BlackElo "1950"]

1.d4 f5 2.Bg5 g6 3.Nc3 Bg7 4.h4 c5 5.d5 Qa5 6.Bd2 Nf6 7.e3 O-O 8.Bd3 a6 9.Nge2
Qc7 10.Nf4 b5 11.h5 g5 12.h6 Bh8 13.Nh5 Qe5 14.Nxf6+ Bxf6 15.Qh5 Bb7 16.O-O-O
b4 17.f4 gxf4 18.exf4 Qd4 19.Qxf5 Rf7 20.Rh3 bxc3 21.Bxc3 Qxd5 22.Qg4+ Kh8
23.Rg3 Nc6 24.Bxf6+ exf6 25.Qg7+ Rxg7 26.hxg7+ Kg8 27.Bxh7+ Kxh7 28.Rxd5 Ne5
29.Rxc5 Nf7 30.g8=Q+ Rxg8 31.Rh5+ Nh6 32.Rxh6+ Kxh6 33.Rxg8 Bd5 34.Rg3 Kh5
35.Kd2 Kh4 36.Rg7 Be6 37.a4 Bg4 38.b4 Kg3 39.b5 axb5 40.axb5 Kxf4 41.Rxg4+
Kxg4 42.b6 {#r} 1-0

[Event "ch-ROU 2017"]
[Site "masterchessopen.com Calimanesti-Caciulata ROU"]
[Date "2017.03.29"]
[Round "5.29"]
[White "Raduica,R"]
[Black "Zubcu,Vlad-George"]
[Result "0-1"]
[WhiteElo "1946"]
[BlackElo "2127"]

1.e4 e5 2.Nf3 Nc6 3.Nc3 Nf6 4.d4 exd4 5.Nxd4 Bb4 6.Nxc6 bxc6 7.Bd2 Qe7 8.f3 d5
9.Qe2 O-O 10.exd5 Qd6 11.O-O-O Rb8 12.dxc6 Ba3 13.Nb5 Bxb2+ 14.Kxb2 a6 15.c4
axb5 16.cxb5 Rd8 17.Qe3 Be6 18.Be2 Qd5 19.Qb3 Qe5+ 20.Qc3 Qxe2 21.a4 Nd5
22.Qd4 Nb6 {#R} 0-1

[Event "ch-ROU 2017"]
[Site "masterchessopen.com Calimanesti-Caciulata ROU"]
[Date "2017.03.29"]
[Round "5.31"]
[White "Calinoiu,C"]
[Black "Tufa,M"]
[Result "0-1"]
[WhiteElo "1653"]
[BlackElo "1983"]

1.e4 c5 2.f4 Nc6 3.Nf3 e6 4.Be2 d5 5.exd5 exd5 6.O-O Nf6 7.Kh1 Bd6 8.d3 Qc7
9.Ng1 g6 10.Nc3 a6 11.g3 Nd4 12.Re1 O-O 13.Bf1 Bg4 14.Qd2 Rae8 15.Rxe8 Rxe8
16.Qf2 b5 17.h3 Bd7 18.Nd1 Qa5 19.Be3 Nf5 20.Bd2 Qa4 21.c3 Nh5 22.g4 Nfg3+
23.Kg2 Nxf1 24.Kxf1 Ng7 25.b3 Qa3 26.Bc1 Qa5 27.Bd2 Qc7 28.Ne2 h5 29.Ne3 Bc6
30.d4 c4 31.b4 Re4 32.Ng2 Qd7 33.Ng3 Re8 34.Qf3 hxg4 35.hxg4 Bc7 36.Re1 Rxe1+
37.Kxe1 Ne8 38.Kf2 Nf6 39.Ne3 Ne4+ 40.Nxe4 dxe4 41.Ng2 {#R} 0-1